|
|
|
|
| LEADER |
00000nam0a2200000 4500 |
| 001 |
264523 |
| 005 |
20231101233835.0 |
| 020 |
|
|
|a RU
|b 88-74711
|
| 035 |
|
|
|a (RuTPU)RU\TPU\book\287516
|
| 090 |
|
|
|a 264523
|
| 100 |
|
|
|a 20140619d1988 m y0rusy5003 ca
|
| 101 |
0 |
|
|a rus
|
| 102 |
|
|
|a RU
|
| 105 |
|
|
|a a j 001zy
|
| 200 |
1 |
|
|a Влияние дефектов в кристаллах на кинетику твердофазных реакций
|e учебное пособие
|f П. В. Ковтуненко
|g Московский химико-технологический институт им. Д. И. Менделеева (МХТИ)
|
| 210 |
|
|
|a Москва
|c Изд-во МХТИ
|d 1988
|
| 215 |
|
|
|a 75 с.
|c ил.
|
| 320 |
|
|
|a Библиогр.: с. 74 (8 назв.).
|
| 606 |
1 |
|
|a Кристаллы молекулярные
|x Дефекты
|2 stltpush
|3 (RuTPU)RU\TPU\subj\16473
|9 42465
|
| 610 |
1 |
|
|a кристаллы
|
| 610 |
1 |
|
|a химические реакции
|
| 610 |
1 |
|
|a кинетика
|
| 610 |
1 |
|
|a твердофазные реакции
|
| 610 |
1 |
|
|a точечные дефекты
|
| 610 |
1 |
|
|a учебные пособия
|
| 675 |
|
|
|a 548.4(075.8)
|z rus
|
| 700 |
|
1 |
|a Ковтуненко
|b П. В.
|g Павел Васильевич
|4 070
|
| 712 |
0 |
2 |
|a Московский химико-технологический институт им. Д. И. Менделеева (МХТИ)
|2 stltpush
|3 (RuTPU)RU\TPU\col\1701
|
| 801 |
|
0 |
|a RU
|b RuMRKP
|c 19950417
|g psbo
|
| 801 |
|
1 |
|a RU
|b 63413507
|c 20140619
|
| 801 |
|
2 |
|a RU
|b 63413507
|c 20150214
|g RCR
|
| 942 |
|
|
|c BK
|